00576cam a22001931 4500001001300000003000400013005001700017008004100034010001700075035002000092040003700112050001700149245004300166260005100209300002500260651006400285650001800349999001500367af 48003606 DLC20260227110903.0890605s1946 ne c 000 0 dut c aaf 48003606  a(OCoLC)19819488 aCalifornia. Univ. Libr.cCUdDLC00aPT5484b.C5500aClimax,bopklimmend in de verdrukking. a[Barendrecht?]bRayon Barendrecht L.O.c[1946] a95 p.bport.c21 cm. 0aNetherlandsxHistoryyGerman occupation, 1940-1945xPoetry. 0aDutch poetry. c5675d5675